000 00537cam a22001577a 4500
008 180718b2004 xxu||||| |||| 00| 0 eng d
020 _a8170338484
082 _aBA27x54 Sa19
245 _aTribal issues in India
_cedited by D. C. Sah and Yatindra Singh Sisodia
260 _aJaipur
_bRawat and Madhya Pradesh Institute of Social Sciences
_c2004
300 _a344p.
650 _aScheduled castes and scheduled tribes - India
650 _aTribes and tribal systems - India
700 _aSisodia, Yatindra Singh
700 _aSah, D. C.
999 _c407738
_d407738